000 00548nmm a2200169Ia 4500
008 251105s9999||||xx |||||||||||||||||und||
020 _a9788481693980
041 _aspa
100 _aUlibarri Fernández, Florentino
245 0 _aConocer, gustar y vivir la Palabra :
_b Sugerencias para orar con el Evangelio Ciclo C
264 _a[Madrid, España] :
_bEditorial Verbo Divino,
_c2007
300 _a432 páginas
490 _aAcción pastoral
650 _aReligion(s)
856 _uhttps://public.digitaliapublishing.com/a/20688
942 _cCF
999 _c85890
_d85890